Statistics for Biggest Trading Partners - Mongolia

Click here to take the quiz!

General Stats

  • This quiz has been taken 263 times
    (252 since last reset)
  • The average score is 18 of 23

Answer Stats

exportsimportscountry% Correct
5126 mil1236 milChina
100%
41 mil1327 milRussia
100%
14 mil228 milSouth Korea
97%
38 mil357 milJapan
96%
10 mil82 milUnited States
95%
8 mil34 milUnited Kingdom
94%
9 mil119 milGermany
93%
5 mil25 milFrance
91%
72 milKazakhstan
90%
50 mil46 milItaly
84%
24 milTurkey
79%
10 milIndonesia
74%
25 milThailand
73%
22 milAustralia
72%
41 milTaiwan
72%
49 milPoland
68%
14 milIran
66%
22 milNetherlands
66%
22 milUkraine
65%
80 milSingapore
63%
5 milBelgium
58%
662 milSwitzerland
53%
7 milSri Lanka
14%

Score Distribution

Percentile by Number Answered

Percent of People with Each Score

Your Score History

You have not taken this quiz since the last reset